Normal view MARC view
  • Kalra, Dharam Vir

Entry Corporate Name

Number of records used in: 1

001 - CONTROL NUMBER

  • control field: 125524

003 - CONTROL NUMBER IDENTIFIER

  • control field: NUST

005 - DATE AND TIME OF LATEST TRANSACTION

  • control field: 20240829153113.0

008 - FIXED-LENGTH DATA ELEMENTS

  • fixed length control field: 240829|| aca||aabn | a|a d

040 ## - CATALOGING SOURCE

  • Original cataloging agency: NUST
  • Transcribing agency: NUST

110 ## - HEADING--CORPORATE NAME

  • Corporate name or jurisdiction name as entry element: Kalra, Dharam Vir

670 ## - SOURCE DATA FOUND

  • Source citation: Work cat.: (NUST)611259: Chopra, Sunil , Supply Chain Management : , 2020.
© 2023 Central Library, National University of Sciences and Technology. All Rights Reserved.